00721 2200205 4500001002100000005001500021035002000036007000300056008004100059020002200100082001100122084001700133100002000150245011600170250000900286260003300295300008300328650005200411520005200463INLIS00000000000000520170829034914 a0010-0817000004ta170829 f 0 ind  a978-602-191-305-5 a297.27 a297.27 TUR r0 aTurner S. Bryan1 aRelasi Agama dan Teori Sosial Kontemporer :bPerekat sosial, Candu, Agama sebagai Pertukaran /cTurner S. Bryan aed.1 aJogjakarta :bIrcisod,c2012 a523 hlm :bditerjemahkan dari buku Religion and Sosial Theory ;c20 cm x 13 cm aPerekat sosial, Candu, Agama sebagai Pertukaran aPerekat sosial, Candu, Agama sebagai Pertukaran